[Event "RA-2018-0-00577"]
[Site "LSS email"]
[Date "2018.05.06"]
[Round "?"]
[White "Muniz Pardino, Alberto"]
[Black "Sikorski, Roman"]
[Result "1/2-1/2"]
[WhiteElo "2283"]
[BlackElo "2146"]
[PlyCount "49"]
[EventDate "2018.03.31"]
[EventType "tourn (corr)"]
[EventRounds "6"]
[EventCountry "GER"]
[SourceTitle "Corr 2022"]
[Source "ChessBase"]
[SourceDate "2021.10.24"]
[SourceVersion "1"]
[SourceVersionDate "2021.10.24"]
[SourceQuality "1"]

1. e4 c5 2. Nf3 d6 3. d4 cxd4 4. Nxd4 Nf6 5. Nc3 a6 6. Bg5 Nbd7 7. Bc4 Qb6 8. Bb3 e6 9. Qd2 Be7 10. 0-0-0 Nc5 11. f3 Qc7 12. g4 Bd7 13. h4 b5 14. Kb1 b4 15. Nce2 a5 16. Ng3 Nb7 17. Rhe1 h6 18. Bxf6 Bxf6 19. g5 Bxd4 20. Qxd4 hxg5 21. hxg5 Rh3 22. Nf5 0-0-0 23. Nxd6+ Nxd6 24. Qxd6 Bb5 25. Qxc7+ 1/2-1/2

[Event "WC-2018-P-00014"]
[Site "LSS email"]
[Date "2018.01.22"]
[Round "?"]
[White "Sikorski, Roman"]
[Black "Baum, Hansjuergen"]
[Result "1/2-1/2"]
[WhiteElo "2131"]
[BlackElo "2260"]
[PlyCount "91"]
[EventDate "2018.02.01"]
[EventType "tourn (corr)"]
[EventRounds "12"]
[EventCountry "GER"]
[SourceTitle "Corr 2022"]
[Source "ChessBase"]
[SourceDate "2021.10.24"]
[SourceVersion "1"]
[SourceVersionDate "2021.10.24"]
[SourceQuality "1"]

1. e4 e5 2. Nf3 Nc6 3. Bb5 a6 4. Ba4 Nf6 5. 0-0 Nxe4 6. d4 b5 7. Bb3 d5 8. dxe5 Be6 9. Qe2 Nc5 10. Nbd2 Be7 11. Rd1 0-0 12. c3 Qd7 13. Bc2 f6 14. exf6 Bxf6 15. Nf1 Rae8 16. Be3 Bf7 17. Ng3 Na4 18. Rac1 Nb6 19. Ne4 Nc4 20. b3 Nxe3 21. Nxf6+ gxf6 22. fxe3 Qe7 23. Re1 Ne5 24. Nh4 Bg6 25. Bf5 Kh8 26. Rf1 Rg8 27. Rf4 Bxf5 28. Nxf5 Qe6 29. Rcf1 c5 30. Ng3 Ng4 31. e4 d4 32. cxd4 cxd4 33. Nf5 Ne5 34. Kh1 d3 35. Qd2 Rd8 36. h3 Nf7 37. Nh4 Ng5 38. Rxf6 Qe5 39. R6f5 Nxe4 40. Rxe5 Nxd2 41. Rd1 Nc4 42. Ree1 Rd5 43. Nf3 Rc8 44. Kg1 a5 45. bxc4 bxc4 46. Re5 1/2-1/2

[Event "SA-2017-0-00612"]
[Site "LSS email"]
[Date "2017.12.07"]
[Round "?"]
[White "Sikorski, Roman"]
[Black "Vaassen, Jack M"]
[Result "1/2-1/2"]
[WhiteElo "2111"]
[BlackElo "2158"]
[PlyCount "101"]
[EventDate "2017.11.19"]
[EventType "tourn (corr)"]
[EventRounds "6"]
[EventCountry "GER"]
[SourceTitle "Corr 2022"]
[Source "ChessBase"]
[SourceDate "2021.10.24"]
[SourceVersion "1"]
[SourceVersionDate "2021.10.24"]
[SourceQuality "1"]

1. e4 c6 2. Nf3 d5 3. e5 c5 4. d4 cxd4 5. Nxd4 Nc6 6. c4 e6 7. Nc3 Bb4 8. Nxc6 bxc6 9. Qa4 a5 10. cxd5 Qxd5 11. Qxb4 axb4 12. Nxd5 exd5 13. Be3 f6 14. f4 Bf5 15. Be2 Kd7 16. Bc5 fxe5 17. fxe5 Nh6 18. 0-0 Rhe8 19. Bxb4 Rxe5 20. Bf3 g6 21. a4 Bd3 22. Bc3 Re7 23. Rfe1 Rxe1+ 24. Bxe1 Nf7 25. Bg4+ Kc7 26. Bg3+ Kb7 27. Ra3 Bc2 28. a5 d4 29. h4 d3 30. Bf3 d2 31. Re3 Rxa5 32. Re7+ Kc8 33. Rxf7 Ra1+ 34. Kh2 Be4 35. Bg4+ Bf5 36. Rc7+ Kd8 37. Rxc6 Bxg4 38. Rd6+ Kc7 39. Rxd2+ Kc6 40. Bf4 Bf5 41. Kg3 Ra4 42. Kf3 h5 43. Rd6+ Kc5 44. Rd8 Kc6 45. g3 Be4+ 46. Ke2 Rb4 47. Be5 Bf5 48. Kf3 Rc4 49. Bd4 Rc1 50. Rb8 Bg4+ 51. Kf4 1/2-1/2

[Event "CP-2017-P-00044"]
[Site "LSS email"]
[Date "2017.09.27"]
[Round "?"]
[White "Malmstrom, Jan"]
[Black "Sikorski, Roman"]
[Result "0-1"]
[WhiteElo "1752"]
[BlackElo "2110"]
[PlyCount "110"]
[EventDate "2017.10.01"]
[EventType "tourn (corr)"]
[EventRounds "6"]
[EventCountry "GER"]
[SourceTitle "Corr 2022"]
[Source "ChessBase"]
[SourceDate "2021.10.24"]
[SourceVersion "1"]
[SourceVersionDate "2021.10.24"]
[SourceQuality "1"]

1. e4 c5 2. Nf3 d6 3. d4 cxd4 4. Nxd4 Nf6 5. Nc3 a6 6. Bg5 Nbd7 7. Bc4 Qb6 8. Bb3 e6 9. Qd2 Be7 10. 0-0-0 Nc5 11. f3 Qc7 12. g4 Bd7 13. Be3 b5 14. Kb1 Qb7 15. g5 Nh5 16. Rhe1 0-0 17. Nd5 Bd8 18. Nf4 Nxf4 19. Bxf4 Bc7 20. Ne2 Rfd8 21. Bxd6 Bc6 22. Qf4 Rxd6 23. Rxd6 a5 24. a3 a4 25. Ba2 b4 26. axb4 Nd3 27. cxd3 Qxb4 28. Rc1 a3 29. b3 Bxd6 30. e5 Qxf4 31. Nxf4 Bxe5 32. Rxc6 Bxf4 33. h4 Bg3 34. Rc4 Rb8 35. h5 Bd6 36. d4 Kf8 37. Ra4 Rb5 38. Ra8+ Ke7 39. Ra7+ Ke8 40. g6 Rxh5 41. gxf7+ Kf8 42. b4 Rh1+ 43. Kc2 Rh2+ 44. Kb1 Rb2+ 45. Ka1 Bxb4 46. Bxe6 Bc3 47. Rc7 Re2+ 48. Rxc3 Rxe6 49. Rxa3 Rb6 50. d5 Kxf7 51. Ka2 h5 52. f4 Rb4 53. Rh3 g6 54. f5 gxf5 55. Rxh5 Kf6 0-1

[Event "SA-2017-0-00597"]
[Site "LSS email"]
[Date "2017.09.21"]
[Round "?"]
[White "Cvak, Rudolf"]
[Black "Sikorski, Roman"]
[Result "1-0"]
[WhiteElo "2355"]
[BlackElo "2084"]
[PlyCount "77"]
[EventDate "2017.08.16"]
[EventType "tourn (corr)"]
[EventRounds "6"]
[EventCountry "GER"]
[SourceTitle "Corr 2022"]
[Source "ChessBase"]
[SourceDate "2021.10.24"]
[SourceVersion "1"]
[SourceVersionDate "2021.10.24"]
[SourceQuality "1"]

1. e4 c5 2. Nf3 d6 3. d4 cxd4 4. Nxd4 Nf6 5. Nc3 a6 6. Bg5 Nbd7 7. Qe2 g6 8. 0-0-0 Bg7 9. h4 h6 10. Bxf6 Bxf6 11. h5 g5 12. Nd5 Be5 13. g3 e6 14. Ne3 Qc7 15. Bg2 Nb6 16. Qd2 Na4 17. Rhf1 Bg7 18. f4 Bd7 19. f5 Be5 20. Bh3 Rc8 21. c4 Qb6 22. b3 Qxd4 23. Qxd4 Bxd4 24. Rxd4 Nc3 25. Re1 e5 26. Rxd6 Nxe4 27. Rb6 Nf2 28. Bg2 Nd3+ 29. Kd2 Nxe1 30. Bxb7 Rb8 31. Kxe1 a5 32. g4 0-0 33. c5 Rfd8 34. Nc4 Bc8 35. Bc6 Rxb6 36. cxb6 Rd4 37. Nxa5 Rxg4 38. b7 Bxb7 39. Bxb7 1-0

[Event "SB-2017-0-00504"]
[Site "LSS email"]
[Date "2017.07.18"]
[Round "?"]
[White "Sikorski, Roman"]
[Black "Pilgram, Kurt"]
[Result "1-0"]
[WhiteElo "2034"]
[BlackElo "1970"]
[PlyCount "97"]
[EventDate "2017.06.08"]
[EventType "tourn (corr)"]
[EventRounds "6"]
[EventCountry "GER"]
[SourceTitle "Corr 2022"]
[Source "ChessBase"]
[SourceDate "2021.10.24"]
[SourceVersion "1"]
[SourceVersionDate "2021.10.24"]
[SourceQuality "1"]

1. e4 e6 2. d4 d5 3. Nc3 Nf6 4. e5 Nfd7 5. f4 c5 6. Nf3 Nc6 7. Be3 Qb6 8. Na4 Qa5+ 9. c3 cxd4 10. b4 Qc7 11. Nxd4 a6 12. Qd2 b5 13. Nb2 Nb6 14. a4 Nc4 15. Bxc4 bxc4 16. Nxc6 Qxc6 17. a5 Qb7 18. Na4 Be7 19. Bc5 Bh4+ 20. g3 Be7 21. 0-0 0-0 22. Rad1 Bxc5+ 23. Nxc5 Qc7 24. g4 h6 25. h4 f6 26. Qe2 fxe5 27. fxe5 Qd8 28. g5 Ra7 29. Qh5 Raf7 30. gxh6 Qe8 31. Rf2 gxh6 32. Rg2+ Kh7 33. Qg6+ Kh8 34. h5 Qe7 35. Qxh6+ Rh7 36. Qg6 Qf7 37. Qxf7 Rhxf7 38. Rg6 Rf5 39. Nxe6 Bxe6 40. Rxe6 Rg5+ 41. Kh2 Rxh5+ 42. Kg3 Rg5+ 43. Kh4 Rff5 44. Rd4 Rh5+ 45. Kg3 Rxe5 46. Rxa6 Re3+ 47. Kg4 Reh3 48. Rg6 Kh7 49. Rg5 1-0

[Event "SB-2017-0-00501"]
[Site "LSS email"]
[Date "2017.06.19"]
[Round "?"]
[White "Kolanek, Sylwia"]
[Black "Sikorski, Roman"]
[Result "1/2-1/2"]
[WhiteElo "1897"]
[BlackElo "2021"]
[PlyCount "66"]
[EventDate "2017.05.08"]
[EventType "tourn (corr)"]
[EventRounds "6"]
[EventCountry "GER"]
[SourceTitle "Corr 2022"]
[Source "ChessBase"]
[SourceDate "2021.10.24"]
[SourceVersion "1"]
[SourceVersionDate "2021.10.24"]
[SourceQuality "1"]

1. d4 Nf6 2. c4 e6 3. Nc3 Bb4 4. f3 c5 5. d5 0-0 6. e4 b5 7. e5 Ne8 8. f4 exd5 9. cxd5 d6 10. Nf3 Nc7 11. a4 Bb7 12. Bd3 g6 13. Bxb5 dxe5 14. 0-0 Nxd5 15. Nxd5 Qxd5 16. fxe5 a6 17. Be2 Nd7 18. Qxd5 Bxd5 19. Rd1 Be6 20. Bf4 Nb6 21. Nd2 a5 22. Ne4 c4 23. Be3 Rab8 24. Kh1 Bf5 25. Nf6+ Kg7 26. Bd4 Rfd8 27. Bxb6 Rxd1+ 28. Rxd1 Rxb6 29. Bxc4 Rc6 30. b3 Rc5 31. Rd5 Rxd5 32. Bxd5 Be7 33. Ne4 Bxe4 1/2-1/2

[Event "SB-2017-0-00499"]
[Site "LSS email"]
[Date "2017.06.05"]
[Round "?"]
[White "Herzog, Matthias"]
[Black "Sikorski, Roman"]
[Result "0-1"]
[WhiteElo "1827"]
[BlackElo "2006"]
[PlyCount "86"]
[EventDate "2017.04.27"]
[EventType "tourn (corr)"]
[EventRounds "6"]
[EventCountry "GER"]
[SourceTitle "Corr 2022"]
[Source "ChessBase"]
[SourceDate "2021.10.24"]
[SourceVersion "1"]
[SourceVersionDate "2021.10.24"]
[SourceQuality "1"]

1. d4 Nf6 2. c4 e6 3. Nc3 Bb4 4. f3 c5 5. d5 0-0 6. e4 b5 7. e5 Ne8 8. cxb5 a6 9. dxe6 fxe6 10. a3 axb5 11. Bxb5 Qh4+ 12. g3 Qd4 13. Bd2 Qxe5+ 14. Be2 Ba5 15. f4 Qc7 16. Nf3 Nc6 17. 0-0 Nf6 18. Rc1 Bb6 19. Nb5 Qb7 20. Nd6 Qb8 21. Be1 Nd4 22. Nxc8 Nxe2+ 23. Qxe2 Rxc8 24. Bf2 Qb7 25. Nd2 Ba7 26. Rc2 Re8 27. Rb1 Rac8 28. a4 d6 29. Rd1 Rcd8 30. Qb5 Qd5 31. Re1 Qf5 32. Rc3 Ng4 33. Ne4 h6 34. Qb7 Qh5 35. h4 Bb8 36. Rc2 Qg6 37. Rce2 Rf8 38. Nc3 Nxf2 39. Kxf2 d5 40. Rxe6 Qf5 41. Qe7 Kh7 42. R6e2 d4 43. Nd1 d3 0-1